| 000 | 00452nam a2200181Ia 4500 | ||
|---|---|---|---|
| 005 | 20231004100609.0 | ||
| 008 | 131103s9999 xx 000 0 und d | ||
| 040 | _aLoreto College | ||
| 041 | _aEnglish | ||
| 082 |
_aF _bQUE |
||
| 100 | _aQuentin, Patrick | ||
| 245 |
_aPuzzle for fiends _cPatrick Quentin |
||
| 260 |
_aHarmondsworth _bPenguin Books _c220 p. |
||
| 300 | _a 18 cm. | ||
| 650 | _aFiction in English | ||
| 850 | _aLCLIB | ||
| 942 | _cBK | ||
| 999 |
_c15727 _d66206 |
||